Top 10 Winningest NASCAR Cup Teams - Statistics

General Stats
  • This quiz has been taken 26 times
  • The average score is 7 of 10
Answer Stats
Rank Wins Years Active Answer % Correct
1. 320 1984-Present Hendrick Motorsports
96%
3. 227 1992-Present Joe Gibbs Racing
92%
4. 156 1972-Present Team Penske
88%
2. 268 1949-2008 Petty Enterprises
83%
5. 143 1988-Present RFK Racing
67%
7. 118 1969-Present Richard Childress Racing
67%
10. 70 2009-2024 Stewart-Haas Racing
63%
8. 101 1950-Present Wood Brothers Racing
63%
6. 132 1953-1995 Junior Johnson & Associates
33%
9. 96 1957-1971 Holman-Moody Racing
8%
No matching quizzes found
Score Distribution
Percent of People with Each Score
Percentile by Number Answered
Your Score History
You have not taken this quiz